| 000 | 00589nam a2200193 i 4500 | ||
|---|---|---|---|
| 001 | bg | ||
| 100 | 1 | _aBIELAWSKI, Jerzy | |
| 245 | 0 |
_aTechnologia zbrojenia elementów : _bpraca zbiorowa / _cJ. Bielawski, K. Cieszyński, S. Wróblewski. |
|
| 260 |
_aWarszawa, _c1982. |
||
| 490 | 1 | _aPrzemysłowa produkcja prefabrykatów | |
| 700 | 1 | _aCIESZYŃSKI, Kazimierz | |
| 700 | 1 | _aWRÓBLEWSKI, Seweryn | |
| 830 | _aPrzemysłowa produkcja prefabrykatów | ||
| 040 | _cBPK | ||
| 041 | _apol | ||
| 080 | _a666.97/.98:691.057](075.8) | ||
| 942 | _cKS | ||
| 008 | s pl f |000 0 pol | ||
| 999 |
_c1750 _d1750 |
||
| 856 |
_uhttp://koha.tu.koszalin.pl/cgi-bin/koha/opac-detail.pl?biblionumber=1750 _yKatalog online BPK |
||